Ο ρόλος της Ευρωπαϊκής Κεντρικής Τράπεζας για την αντιμετώπιση των συνεπειών της διεθνούς οικονομικής κρίσης στην Ευρωπαϊκή Ένωση : διπλωματική εργασία

Αποθηκεύτηκε σε:
Λεπτομέρειες βιβλιογραφικής εγγραφής
Κύριος συγγραφέας: Σάββα, Μαρία
Συγγραφή απο Οργανισμό/Αρχή: Πανεπιστήμιο Αιγαίου Σχολή Επιστημών της Διοίκησης Τμήμα Μηχανικών Οικονομίας και Διοίκησης
Άλλοι συγγραφείς: Ρουκανάς, Σπυρίδων (Εισηγητής διατριβής)
Μορφή: Thesis Βιβλίο
Γλώσσα:Greek
Δημοσίευση: 2013
Θέματα:
Ετικέτες: Προσθήκη ετικέτας
Δεν υπάρχουν, Καταχωρήστε ετικέτα πρώτοι!

MARC

LEADER 00000cam a2200000 i 4500
001 1/48381
008 140529s2013 gre d
035 |l 10117818 
040 |a GR-MY-UA  |b gre  |e aacr 
041 0 |a gre 
082 0 |a 332.11094  |2 (23) 
100 1 |a Σάββα, Μαρία. 
245 1 2 |a Ο ρόλος της Ευρωπαϊκής Κεντρικής Τράπεζας για την αντιμετώπιση των συνεπειών της διεθνούς οικονομικής κρίσης στην Ευρωπαϊκή Ένωση :  |b διπλωματική εργασία /  |c Μαρία Σάββα ; επιβλέπων: Ρουκανάς Σπύρος 
260 |c 2013 
300 |a 58 σ.;  |b πίν., διαγρ.;  |c 30 εκ. 
502 # # |a Πτυχιακή εργασία – Πανεπιστήμιο Αιγαίου, Χίος, 2013. 
504 |a Βιβλιογραφία: σ.55-58 
650 0 0 |a Banks and banking, Central  |x European Union countries. 
650 0 0 |a Financial crises  |x European Union countries. 
650 0 0 |a Eurozone. 
650 0 0 |a Dissertations, Academic  |z Greece. 
700 1 |a Ρουκανάς, Σπυρίδων.  |4 ths 
710 2 |a Πανεπιστήμιο Αιγαίου  |b Σχολή Επιστημών της Διοίκησης  |b Τμήμα Μηχανικών Οικονομίας και Διοίκησης. 
852 |a INST  |b CHIOS  |c DIATR  |e 20140529  |h 332.11094 ΣΑΒ  |p 005200036439  |q 005200036439  |t DIE  |y 23 
852 |a INST  |b CHIOS  |c DIATR  |e 20140529  |h 332.11094 ΣΑΒ  |p 005200036441  |q 005200036441  |t DIE  |y 23 
901 |a BIBL2-2014-2 
909 |a Χ  |b 180338 
909 |a Χ  |b 180340 
924 |a ΣΑΒΒΑ  |b ΜΑΡΙΑ  |y ΧΙΟΣ  |z 2013-11 
970 |a ΣΑΛΑΜΟΥΡΑ  |b ΜΑΡΙΑ  |z 2014/05/29